00544nam a2200193 a 4500001001300000003000900013005001700022008004100039020002300080082001500103100001800118245008200136260003300218300000900251500003500260505002400295650001300319700001800332nice12345678IN_TiNIC20260116014108.0070308s2006 dela grp 000 0 eng  a8189013688 c39500a305.4bANU aAnupama, Lata aPlaying With FirebFeminist Thought and Activism Through Seven Lives in India aDelhibKali for Women c2006 a202p aincludes index and biblioraphy2 aSelect Bibliography aFeminism1 aAnupama, Lata